000 00375nam a2200145Ia 4500
008 210210b2004 xxu||||| |||| 00| 0 eng d
020 _a81 229 0171 9
082 _a070 CROJ
100 _aCROPP (Fritz) and Others.
245 _aJournalism across cultures.
260 _aDelhi
_bSurjeet publications
_c2004
300 _axvii,249
690 _aJournalism
906 _a059225
999 _c106494
_d106494